| 000 | 00409cam a2200181ua 4500 | ||
|---|---|---|---|
| 020 | _cRs. 18.00 | ||
| 041 |
_aeng _h |
||
| 082 |
_a539.7 _bJAC/IO |
||
| 100 | _aJackson, L C . | ||
| 245 | _aLow temperature physics | ||
| 250 |
_a5 / _b. |
||
| 260 |
_aLondon : _bMethuen and Co. Ltd , _c1962. |
||
| 300 | _a158 ; . | ||
| 365 | _aRs. 18.00 | ||
| 504 | _a | ||
| 942 | _cBK | ||
| 999 |
_c1614 _d1614 |
||